000 00594cam a22002291 4500
001 sa 68019972
003 DLC
005 20260227112721.0
008 940527s1966 ii a 000 0 sino
010 _asa 68019972
025 _aPL480:C-420
035 _a(OCoLC)30507500
040 _aDLC
_cCU
_dCU
_dDLC
042 _apremarc
050 0 0 _aBQ356
_b.P59
100 1 _aPiyananda, Henpitagedara,
_d1920-
245 1 0 _aBauddha saṃskr̥tiyē pătirīma.
260 _c[1966]
300 _axiv, 219 p.
_bill.
_c19 cm.
500 _aIn Sinhalese.
650 0 _aBuddhism
_zSri Lanka
_xHistory.
999 _c89173
_d89173